000 00660cab a2200193 4500
001 WB2611-23
008 090401t1990 xxu||||| |||| 00| 0 eng d
035 _a(Sirsi) u9744
041 _aeng
245 _aOccupiers liability
260 _c1990
350 _a0
490 _aTimes
_v12/3/90 p35
520 _aWhite v St Albans City and DC CA 2 March 1990. That the occupiers were liable for injuries to the appellant, who fell into a trench, while trespass ing was dismissed as the occupiers took adequate precautions with fencing to warn of the danger.
650 _aOCCUPIERS LIABILITY ACT 1984
690 _aLAND
942 _n0
948 _c04/03/1997
999 _c6127
_d6127